Jane Eyre : Charlotte Bronte
| Main Author: | |
|---|---|
| Format: | Book |
| Published: |
England :
Penguin Books ,
1997
|
| Subjects: |
MARC
| LEADER | 00000cam a2200000 7i4500 | ||
|---|---|---|---|
| 001 | 0000012781 | ||
| 005 | 20050415.0 | ||
| 020 | |a 0451526554 | ||
| 040 | |a INS | ||
| 090 | 0 | 0 | |a PR4166. |b J1545 1997 |
| 100 | 1 | |a Jong, Erica | |
| 245 | 1 | 0 | |a Jane Eyre : |b Charlotte Bronte |c Erica Jong |
| 260 | |a England : |b Penguin Books , |c 1997 | ||
| 300 | |a ix : |b 465p ; |c 18cm. | ||
| 650 | 0 | 0 | |a English fiction-Women authers |
| 999 | |a 0000013225 |b BOOK |c Open Shelf |e Default branch | ||